[Event "CZE-chT1E 1718"]
[Site "Czech Republic"]
[Date "2017.12.10"]
[Round "4.5"]
[White "Raszka, Janusz"]
[Black "Pavera, Vit"]
[Result "1-0"]
[WhiteElo "2116"]
[BlackElo "2013"]
[PlyCount "101"]
[EventDate "2017.10.22"]
[EventType "team-tourn"]
[EventRounds "11"]
[EventCountry "CZE"]
[SourceTitle "EXT 2019"]
[Source "ChessBase"]
[SourceDate "2018.10.10"]
[SourceVersion "1"]
[SourceVersionDate "2018.10.10"]
[SourceQuality "1"]
[WhiteTeam "Cesky Tesin"]
[BlackTeam "Opava KVS"]
[WhiteTeamCountry "CZE"]
[BlackTeamCountry "CZE"]

1. e4 c5 2. Nf3 g6 3. d4 cxd4 4. Nxd4 Nc6 5. Nc3 Bg7 6. Nb3 Nf6 7. Be2 d6 8. 0-0 0-0 9. Bg5 Be6 10. Kh1 Qd7 11. f4 Bg4 12. Bxf6 Bxe2 13. Qxe2 Bxf6 14. Rf3 a5 15. a4 Bxc3 16. Rxc3 Nb4 17. Rh3 Qe6 18. Nd4 Qf6 19. c3 Na6 20. Qe3 e5 21. Ne2 Nc5 22. f5 Rfd8 23. Rf3 Kh8 24. fxg6 Qxg6 25. Ng3 Ne6 26. Nf5 Qg5 27. Qb6 Rg8 28. Rg1 Nf4 29. Qxd6 Ne2 30. h4 Qg6 31. Qxg6 fxg6 32. Re1 gxf5 33. Rxe2 f4 34. Rd2 Rg4 35. Rh3 Rag8 36. Kg1 h5 37. Kf1 Kh7 38. Rh2 R8g7 39. Rd5 Rf7 40. Rxe5 Kh6 41. Ke2 Rg3 42. Rxa5 Re3+ 43. Kf2 Rxe4 44. Rh3 Rfe7 45. Rb5 Rxa4 46. Rd3 Rae4 47. Rdd5 Re2+ 48. Kg1 Rf7 49. Rxh5+ Kg7 50. Rhg5+ Kh7 51. Rbf5 1-0

[Event "Karvina op"]
[Site "Karvina"]
[Date "2017.07.04"]
[Round "4"]
[White "Horvath, Tomas"]
[Black "Raszka, Janusz"]
[Result "0-1"]
[WhiteElo "1833"]
[BlackElo "2142"]
[PlyCount "70"]
[EventDate "2017.07.01"]
[EventType "swiss"]
[EventRounds "9"]
[EventCountry "CZE"]
[SourceTitle "EXT 2018"]
[Source "ChessBase"]
[SourceDate "2017.10.13"]
[SourceVersion "1"]
[SourceVersionDate "2017.10.13"]
[SourceQuality "1"]

1. e4 c5 2. Nc3 e6 3. f4 a6 4. a4 Qc7 5. d3 d6 6. Nf3 Nc6 7. g3 g6 8. Bg2 Bg7 9. 0-0 Nge7 10. Be3 Nd4 11. Qd2 0-0 12. Qf2 Nec6 13. Rfe1 Rb8 14. g4 b5 15. axb5 axb5 16. Bxd4 Nxd4 17. Nd1 b4 18. Rb1 Ba6 19. Qd2 Bb7 20. Nxd4 Bxd4+ 21. Kh1 Qe7 22. c3 bxc3 23. bxc3 Bg7 24. Nf2 Qh4 25. Kg1 e5 26. Rb6 Ba8 27. Reb1 Rxb6 28. Rxb6 exf4 29. Rxd6 f3 30. Bxf3 Be5 31. Rd7 Qxh2+ 32. Kf1 Bc6 33. Ra7 Rb8 34. Qa2 Qf4 35. Kg2 Qg3+ 0-1

[Event "Karvina op"]
[Site "Karvina"]
[Date "2017.07.02"]
[Round "2"]
[White "Maroszczyk, Wieslaw"]
[Black "Raszka, Janusz"]
[Result "0-1"]
[WhiteElo "1890"]
[BlackElo "2142"]
[PlyCount "60"]
[EventDate "2017.07.01"]
[EventType "swiss"]
[EventRounds "9"]
[EventCountry "CZE"]
[SourceTitle "EXT 2018"]
[Source "ChessBase"]
[SourceDate "2017.10.13"]
[SourceVersion "1"]
[SourceVersionDate "2017.10.13"]
[SourceQuality "1"]

1. d4 d5 2. Nf3 Nf6 3. c4 dxc4 4. Nc3 a6 5. a4 Nc6 6. e3 Na5 7. Ne5 Be6 8. Be2 c6 9. 0-0 g6 10. e4 Bg7 11. Be3 0-0 12. Qc2 Nd7 13. Nxd7 Bxd7 14. Rad1 b5 15. Na2 Qc7 16. Nb4 f5 17. axb5 axb5 18. Bg5 Qd6 19. Qc3 fxe4 20. Nc2 Bf5 21. Ne3 Be6 22. Qc2 Bd5 23. Ng4 Nb3 24. Nh6+ Kh8 25. Be3 e5 26. dxe5 Qxe5 27. Rb1 Ra2 28. Qd1 Rxb2 29. Ng4 Rxb1 30. Qxb1 Qb2 0-1

[Event "CZE-chT2F 1617"]
[Site "Czech Republic"]
[Date "2017.02.26"]
[Round "9.5"]
[White "Sohr, Vladimir"]
[Black "Raszka, Janusz"]
[Result "1/2-1/2"]
[WhiteElo "2095"]
[BlackElo "2113"]
[PlyCount "81"]
[EventDate "2016.10.09"]
[EventType "team-tourn"]
[EventRounds "11"]
[EventCountry "CZE"]
[SourceTitle "EXT 2022"]
[Source "ChessBase"]
[SourceDate "2021.10.06"]
[SourceVersion "1"]
[SourceVersionDate "2021.10.06"]
[SourceQuality "1"]
[WhiteTeam "Velke Losiny"]
[BlackTeam "Cesky Tesin"]
[WhiteTeamCountry "CZE"]
[BlackTeamCountry "CZE"]

1. e4 e6 2. d4 d5 3. exd5 exd5 4. Nf3 Nf6 5. c4 Be7 6. Nc3 0-0 7. Bd3 Bg4 8. 0-0 Nc6 9. Be3 Nb4 10. Be2 dxc4 11. Ne5 Be6 12. Bxc4 Bxc4 13. Nxc4 Nbd5 14. Qb3 Rb8 15. Rad1 h6 16. Ne5 c6 17. Bc1 Bd6 18. Nxd5 Nxd5 19. Qh3 Re8 20. Rd3 Bxe5 21. dxe5 Rxe5 22. Bf4 Nxf4 23. Rxd8+ Rxd8 24. Qb3 Rd7 25. g3 Nd5 26. a4 Re2 27. a5 a6 28. Rc1 Rde7 29. Rc4 Re1+ 30. Kg2 R1e2 31. Kf3 R2e5 32. Qd3 R7e6 33. Rd4 Re1 34. Kg2 R1e2 35. b4 Rb2 36. Re4 Rxe4 37. Qxe4 Kf8 38. Qe5 Rxb4 39. Qb8+ Ke7 40. Qe5+ Kf8 41. Qb8+ 1/2-1/2